01424cam a2200337 i 45000010005000000030008000050050017000130080041000300200015000710350018000860400032001040410011001360820021001471000045001682450056002132500028002692600058002973000035003554900036003905000027004265000085004535000035005385040022005735050115005956500020007106500037007309420012007679990015007799520146007949520146009407052BD-RjUL20211208234346.0140113r19771911ctua 001 0 eng d a0837195128 a(BD-RjUL)7094 aDLCcDLCdDLCdBD-RjULbeng1 aengger00a355.42bBAT 19771 aBalck, W.q(William),d1859-1924.92208800aTactics /cby Balck ; translated by Walter Krueger. a4th completely rev. ed. aWestport, Conn. :bGreenwood Press,c1977, [c1911-14] axix, 539 p. :bill. ;c23 cm.0 aThe West Point military library aTranslation of Taktik. aReprint of the ed. published by U.S. Cavalry Association, Fort Leavenworth, Kan. aVol. 2 lacks series statement. aIncludes indexes.0 av. 1. Introduction and formal tactics of infantry.--v. 2. Cavalry, field and heavy artillery in field warfare. 0aTactics.918523 0aMilitary art and science.922089 2ddccBK c7052d7052 00102ddc40718NFICaRUCLbRUCLcReadingd1984-04-19eTappam & Co.g63.50l0o355.42 BAT V-1 1977r2014-01-13 00:00:00tC-1w2021-12-08yBK 00102ddc40718NFICaRUCLbRUCLcReadingd1984-04-19eTappam & Co.g63.50l0o355.42 BAT V-2 1977r2016-12-28 00:00:00tC-1w2016-12-28yBK